| 000 | 00739nam a2200205 a 4500 | ||
|---|---|---|---|
| 005 | 20231128063550.0 | ||
| 008 | 030620s1975 mx r 000 0 spa d | ||
| 035 | _aUPN01000126437 | ||
| 049 | _aSEP | ||
| 050 | 4 |
_aAC75 _bS4 no. 221 |
|
| 100 | 1 |
_aBorah, Woodrow Wilson, _d1912-1999 _932332 |
|
| 245 | 1 | 3 |
_aEl siglo de la depresión en la Nueva España / _cWoodrow Borah ; presentación de P. J. Bakewell ; tr. María Elena Hope de Porter. |
| 260 |
_aMéxico : _bSEP, _c1975. |
||
| 300 |
_a157 p. : _bil. |
||
| 440 | 0 |
_aSepSetentas ; _v221 |
|
| 651 | 4 |
_aMEXICO - _xHISTORIA - _y1576-1579 |
|
| 651 | 7 |
_aMéxico _xCondiciones económicas _xHistoria _2 _94698 |
|
| 650 | 4 |
_aIndígenas de México _xVida social y costumbres _95132 |
|
| 905 | _aLibro | ||
| 999 |
_c98616 _d98616 |
||